[Event "Barcelona Sant Marti op-B 22nd"]
[Site "Barcelona"]
[Date "2022.07.20"]
[Round "8"]
[White "Santolaria Pena, Manel"]
[Black "Volart Buil, Jordi"]
[Result "0-1"]
[WhiteElo "1595"]
[BlackElo "1670"]
[PlyCount "76"]
[EventDate "2022.07.13"]
[EventType "swiss"]
[EventRounds "9"]
[EventCountry "ESP"]
[SourceTitle "CBM 210 Extra"]
[Source "ChessBase"]
[SourceDate "2022.11.30"]
[SourceVersion "1"]
[SourceVersionDate "2022.11.30"]
[SourceQuality "1"]

1. d4 Nf6 2. Nf3 c5 3. e3 d5 4. Nbd2 Nc6 5. c3 Bf5 6. Nh4 Bg6 7. Nxg6 hxg6 8. Bd3 e5 9. dxe5 Nxe5 10. Bc2 a6 11. Qe2 Bd6 12. h3 Qe7 13. 0-0 g5 14. f4 gxf4 15. exf4 Ng6 16. Qxe7+ Kxe7 17. Bxg6 fxg6 18. Nf3 Rhf8 19. Ne5 Bxe5 20. fxe5 Ne4 21. Bf4 g5 22. Bh2 Rxf1+ 23. Rxf1 Rf8 24. Rxf8 Kxf8 25. Kf1 Kf7 26. Ke2 Ke6 27. Ke3 b5 28. a3 a5 29. g4 c4 30. Kd4 b4 31. axb4 axb4 32. cxb4 Nd2 33. Kc5 Nb3+ 34. Kc6 d4 35. Bg1 Kxe5 36. b5 Ke4 37. b6 d3 38. b7 Na5+ 0-1

[Event "Barcelona Primavera La Lira op 10th"]
[Site "Barcelona"]
[Date "2017.05.04"]
[Round "3"]
[White "Santolaria Pena, Manel"]
[Black "Febrero Perez, Lluis"]
[Result "1/2-1/2"]
[WhiteElo "1705"]
[BlackElo "1518"]
[PlyCount "41"]
[EventDate "2017.04.20"]
[EventType "swiss"]
[EventRounds "9"]
[EventCountry "ESP"]
[SourceTitle "EXT 2018"]
[Source "ChessBase"]
[SourceDate "2017.10.13"]
[SourceVersion "1"]
[SourceVersionDate "2017.10.13"]
[SourceQuality "1"]

1. d4 Nf6 2. Bf4 g6 3. f3 Bg7 4. e4 d6 5. Qd2 0-0 6. Bh6 e5 7. Bxg7 Kxg7 8. Nc3 Nc6 9. d5 Ne7 10. 0-0-0 c6 11. dxc6 Nxc6 12. Qxd6 Qa5 13. Bc4 Rd8 14. Qa3 Rxd1+ 15. Kxd1 Qxa3 16. bxa3 Na5 17. Bb3 Bd7 18. Nge2 Rc8 19. Kc1 Nc4 20. a4 Ne3 21. g3 1/2-1/2

[Event "Sitges Sunway op-B 2nd"]
[Site "Sitges"]
[Date "2015.12.16"]
[Round "5"]
[White "Rincon Carrillo, Ricardo"]
[Black "Santolaria Pena, Manel"]
[Result "0-1"]
[WhiteElo "1948"]
[BlackElo "1860"]
[PlyCount "58"]
[EventDate "2015.12.13"]
[EventType "swiss"]
[EventRounds "9"]
[EventCountry "ESP"]
[SourceTitle "CBM 170 Extra"]
[Source "ChessBase"]
[SourceDate "2016.02.25"]
[SourceVersion "1"]
[SourceVersionDate "2016.02.25"]
[SourceQuality "1"]

1. e4 Nc6 2. Nf3 e5 3. Bc4 Be7 4. d4 exd4 5. Nxd4 Nf6 6. Nc3 a6 7. Nf5 0-0 8. Nxe7+ Qxe7 9. Bg5 h6 10. Bxf6 Qxf6 11. 0-0 Ne7 12. Qh5 b5 13. e5 Qg6 14. Qf3 Rb8 15. Bd3 Qg5 16. Rfe1 Bb7 17. Be4 c6 18. Rad1 Rbd8 19. g3 f5 20. exf6 Rxf6 21. Qd3 Ng6 22. Bxg6 Rxg6 23. Ne4 Qh5 24. Nd6 Ba8 25. Qb3+ Kh7 26. Nf7 Rf8 27. Rxd7 c5 28. Qd3 c4 29. Ne5 cxd3 0-1

[Event "Barcelona Barri Gotic op 1st"]
[Site "Barcelona"]
[Date "2012.06.11"]
[Round "7.10"]
[White "Santolaria Pena, Manel"]
[Black "Molano Lafuente, Ismael"]
[Result "1-0"]
[WhiteElo "1927"]
[BlackElo "2047"]
[PlyCount "157"]
[EventDate "2012.04.23"]
[EventType "swiss"]
[EventRounds "8"]
[EventCountry "ESP"]
[SourceTitle "EXT 2024"]
[Source "ChessBase"]
[SourceDate "2023.10.10"]
[SourceVersion "1"]
[SourceVersionDate "2023.10.10"]
[SourceQuality "1"]

1. d4 Nf6 2. Bf4 b6 3. Nf3 Bb7 4. e3 e6 5. Bd3 d6 6. Nbd2 Nd5 7. Bg3 f5 8. c3 Nf6 9. 0-0 Be7 10. Re1 Ne4 11. Qe2 0-0 12. Nf1 g5 13. h3 h5 14. N3d2 Qe8 15. f3 Nxg3 16. Nxg3 Nd7 17. e4 f4 18. Nh1 e5 19. Bc4+ Kg7 20. Be6 Nf6 21. Nf2 Bc8 22. Qc4 Bxe6 23. Qxe6 Qf7 24. Qc4 Qxc4 25. Nxc4 Nd7 26. Nd3 Kf6 27. Red1 c6 28. Nb4 Rac8 29. dxe5+ Nxe5 30. Nxe5 dxe5 31. Rd7 a5 32. Nc2 Rfd8 33. Rad1 Rxd7 34. Rxd7 Ke6 35. Rd3 Rg8 36. a4 g4 37. fxg4 hxg4 38. b4 gxh3 39. Rxh3 Rd8 40. bxa5 Bc5+ 41. Kh2 bxa5 42. Ne1 Bf2 43. Rh6+ Kf7 44. Nf3 Kg7 45. Rh5 Kg6 46. Rg5+ Kf6 47. Kh3 Rd3 48. Rf5+ Ke6 49. Rxe5+ Kd6 50. Rxa5 Rxc3 51. Kg4 Be3 52. Kf5 Rc2 53. e5+ Ke7 54. Nh4 Rf2 55. Ng6+ Kf7 56. e6+ Kg7 57. Nh4 Bd4 58. Ra8 Re2 59. Nf3 Bc5 60. Rc8 Rxg2 61. Rxc6 Be7 62. a5 Ra2 63. a6 Ra5+ 64. Kxf4 Kf6 65. Nd2 Rf5+ 66. Ke4 Ra5 67. Kd4 Ra4+ 68. Nc4 Kf5 69. Kd5 Ra1 70. Nd6+ Kf6 71. Ne8+ Kf5 72. Nc7 Ra5+ 73. Kc4 Ke5 74. Nb5 Ra4+ 75. Kc3 Kd5 76. Rc7 Kxe6 77. a7 Ra1 78. Rb7 Rc1+ 79. Kb2 1-0

[Event "Barcelona Sant Marti op 05th"]
[Site "Barcelona"]
[Date "2003.06.21"]
[Round "9.19"]
[White "Santolaria Pena, Manel"]
[Black "Sanchez Viana, Jordi"]
[Result "1-0"]
[WhiteElo "1995"]
[BlackElo "1875"]
[PlyCount "55"]
[EventDate "2003.04.26"]
[EventType "swiss"]
[EventRounds "9"]
[EventCountry "ESP"]
[SourceTitle "EXT 2004"]
[Source "ChessBase"]
[SourceDate "2003.11.25"]
[SourceVersion "1"]
[SourceVersionDate "2003.11.25"]
[SourceQuality "1"]

1. d4 d5 2. Nf3 c6 3. Bf4 Nf6 4. h3 e6 5. e3 Qb6 6. Qc1 Nbd7 7. Nbd2 c5 8. c3 cxd4 9. cxd4 Bd6 10. Ne5 Bb4 11. a3 Bxd2+ 12. Qxd2 Ne4 13. Qc2 Qd8 14. Bd3 Ndf6 15. Qa4+ Bd7 16. Nxd7 Nxd7 17. Bxe4 dxe4 18. Rc1 Rc8 19. 0-0 0-0 20. Qxa7 Nb6 21. Qxb7 Nd5 22. Bh2 Rxc1 23. Rxc1 Qg5 24. Rc8 g6 25. Rxf8+ Kxf8 26. Be5 f6 27. Bd6+ Kg8 28. Qc8+ 1-0